书目信息 |
| 题名: |
点亮生命的儿童写作教学
|
|
| 作者: | 金洁萍 著 | |
| 分册: | ||
| 出版信息: | 南昌 江西教育出版社 2021.1 |
|
| 页数: | 184页 | |
| 开本: | 24cm | |
| 丛书名: | 组块教学·智慧教师研修书系 | |
| 单 册: | ||
| 中图分类: | G623.24 | |
| 科图分类: | ||
| 主题词: | 作文课--教学研究--小学 | |
| 电子资源: | ||
| ISBN: | 978-7-5705-1653-7 | |
| 000 | 01292nam2 2200277 45 | |
| 001 | 012001001083 | |
| 005 | 20140820141650.0 | |
| 010 | @a978-7-5705-1653-7@dCNY35.00 | |
| 100 | @a20210322d2021 em y0chiy0110 ea | |
| 101 | 0 | @achi |
| 102 | @aCN@b360000 | |
| 105 | @aa z 000yy | |
| 106 | @ar | |
| 200 | 1 | @a点亮生命的儿童写作教学@Adian liang sheng ming de er tong xie zuo jiao xue@f金洁萍著 |
| 210 | @a南昌@c江西教育出版社@d2021.1 | |
| 215 | @a184页@c图@d24cm | |
| 225 | 2 | @a组块教学·智慧教师研修书系@f成尚荣主编 |
| 314 | @a金洁萍,苏州市吴江区程开甲小学教科主任,中小学高级教师,苏州市学科带头人,多篇论文获江苏省“师陶杯”“教海探航”征文比赛一等奖,四十多篇论文发表于《语文教学通讯》《小学教学研究》等刊物。 | |
| 330 | @a《点亮生命的儿童写作教学》一书表达了作者对儿童写作的认识与理解。主要从五个方面对儿童写作教学展开研究:研究路径、心理密码、课程建构、教学策略、课堂实践,通过分层阐述,告诉教师们,在儿童写作教学中,不仅仅要关注写作知识和技巧,还要真正实现写作成为学生生命本真的自由表达与交流。 | |
| 410 | 0 | @12001 @a组块教学·智慧教师研修书系 |
| 461 | 0 | @12001 @a组块教学·智慧教师研修书系@1701 0@a成尚荣主编 |
| 606 | 0 | @a作文课@x教学研究@x小学 |
| 690 | @aG623.24@v5 | |
| 701 | 0 | @a金洁萍@Ajin jie ping@4著 |
| 801 | @aCN@bAHXH@c20210922 | |
| 905 | @b1250995-9@dG623.24@e1559@f5 | |
| 点亮生命的儿童写作教学/金洁萍著.-南昌:江西教育出版社,2021.1 |
| 184页:图;24cm.-(组块教学·智慧教师研修书系/成尚荣主编) |
| ISBN 978-7-5705-1653-7:CNY35.00 |
| 《点亮生命的儿童写作教学》一书表达了作者对儿童写作的认识与理解。主要从五个方面对儿童写作教学展开研究:研究路径、心理密码、课程建构、教学策略、课堂实践,通过分层阐述,告诉教师们,在儿童写作教学中,不仅仅要关注写作知识和技巧,还要真正实现写作成为学生生命本真的自由表达与交流。 |
| ● |
| 相关链接 |
|
|
|
|
正题名:点亮生命的儿童写作教学
索取号:G623.24/1559
 
预约/预借
| 序号 | 登录号 | 条形码 | 馆藏地/架位号 | 状态 | 备注 |
| 1 | 1250995 | 212509953 | 第一样本阅览室/ [索取号:G623.24/1559] | 在馆 | |
| 2 | 1250996 | 212509962 | 教育系资料室/ [索取号:G623.24/1559] | 在馆 | |
| 3 | 1250997 | 212509971 | 教育系资料室/ [索取号:G623.24/1559] | 在馆 | |
| 4 | 1250998 | 212509980 | 第四借阅区/ [索取号:G623.24/1559] | 在馆 | |
| 5 | 1250999 | 212509999 | 第四借阅区/ [索取号:G623.24/1559] | 在馆 |